| 000 | 00630cab a2200205 4500 | ||
|---|---|---|---|
| 001 | L135892 | ||
| 008 | 061215n2006 000 0 eng u | ||
| 035 | _a(Sirsi) u135892 | ||
| 041 | 0 | _aeng | |
| 100 | 1 | _aHipwell, Deidre | |
| 245 | 0 | 0 |
_aRegional _bIreland |
| 260 | _c2006 | ||
| 490 | 0 |
_aProperty Week _v71(49) 08 December 2006, 117-129(6) |
|
| 520 | _aDiscusses the development of Belfast's Crumlin Road courthouse into a hotel and the opening of Dublin's port tunnel. | ||
| 590 | _aKA | ||
| 651 | 4 | _aIRELAND | |
| 690 | _aPROPERTY-COMMERCIAL PROPERTY-COMMERCIAL PROPERTY MARKET | ||
| 700 | 1 | _aHeap, Richard | |
| 942 | _n0 | ||
| 999 |
_c78064 _d78064 |
||